01129nam a2200193Ia 4500001001000000003001000010008004100020040002500061041001300086100003600099245006400135250001100199260009200210300001100302500023700313501011400550520023700664650003400901L235-7734IT-CnALBA170116s9999||||xx |||||||||||||| ||und|| aIT-CnALBAcIT-CnALBA aITALIANO aMANESSERO BARTOLOMEO, SACERDOTE 0aMESE DI MAGGIO. TAVOLE SINOTTICHE SULLE LITANIE LAURETANE.  a1a ed. a FIRENZEbSAN GIUSEPPE TIPOGR. - TORINO c1908 [1° Ed.:1908 - Ed.Ling.Originale: 1908] a92 p.  aMADRE DI DIO. DELLA DIVINA GRAZIA. PURISSIMA. INVIOLATA INTEMERATA AMABILE. PRUDENTISSIMA. VENERANDA POTENTE CLEMENTE FEDELE. PORTA DEL CIELO. STELLA DEL MATTINO. REGINA DEGLI ANGELI. PATRIARCHI PROFETI APOSTOLI MARTIRI. S ROSARIO.  aSocietà San Paolo EM - Piazza San Paolo, 14 - 12051 ALBA (CN) (non commercial uses only) ® Copyright 2017 aMADRE DI DIO. DELLA DIVINA GRAZIA. PURISSIMA. INVIOLATA INTEMERATA AMABILE. PRUDENTISSIMA. VENERANDA POTENTE CLEMENTE FEDELE. PORTA DEL CIELO. STELLA DEL MATTINO. REGINA DEGLI ANGELI. PATRIARCHI PROFETI APOSTOLI MARTIRI. S ROSARIO.  aMARIA SS. ANGELI SANTI DEMONI